Przywódcy krajów podczas 2wś (1939-1945) - Statystyki

Ogólne statystyki
  • Ten quiz został rozwiązany 218 razy
  • Średni wynik to 5 z 9
Statystyki odpowiedzi
Obrazkowy Hint Odpowiedź % Poprawnych
ZSRR Józef Stalin
97%
Trzecia rzesza Adolf Hitler
94%
Wielka brytania Winston churchill
68%
Włochy Benito mussolini
66%
Japonia Hirohito
63%
Polska Roman Dmowski
34%
USA Franklin Roosevelt
29%
Francja/francja vichy Philippe petain
23%
Chiny Czang Kaj-szek
21%
Nie znaleziono quizów pasujących do podanych kryteriów
Rozkład punktacji
Procent ludzi z każdym wynikiem
Percentyl według liczby udzielonych odpowiedzi
Twoja historia wyników
Nie rozwiązałeś tego quizu